00358nam a2200109 a 4500008004100000050001500041100003100056245008000087246003300167260003900200350000900239120416s2003 ||||||||||||||||| || u aIBRD(08)WP aKrishnaswamy, Venkataraman10aPrivate sector participation in the power sector in Europe and Central Asia alessons from the last decade aWashington, D.C.bWorld Bankc2003 a0.00